000 00368nam a2200145Ia 4500
005 20251222144724.0
008 251222s9999||||xx |||||||||||||| ||spa||
020 _a970-686-094-0
082 _a001.42/E98
100 _aEyssautier de la Mora, Maurice
245 0 _aMetodología de la Investigación:
250 _a4a.ed.
264 _bThomson Learning
942 _cLIB
999 _c18327
_d18327